Landkreise und kreisfreie Städte in Rheinland-Pfalz - Statistiken

Allgemein
  • Dieses Quiz wurde 5.147 mal gespielt
    4.137 seit der letzten Aktualisierung
  • Das Durchschnittsergebnis liegt bei 20 aus 36
Antworten auf der Karte
Die Antworten werden auf der Karte rot bzw. grün angezeigt, abhängig davon wie oft sie richtig erraten wurden.
 
Antwortstatistiken
Antwort % Korrekt
Mainz-Bingen
96%
Mainz
95%
Trier
88%
Trier-Saarburg
88%
Koblenz
87%
Kaiserslautern
84%
Kaiserslautern
84%
Ludwigshafen am Rhein
75%
Worms
68%
Speyer
64%
Pirmasens
60%
Eifelkreis Bitburg-Prüm
57%
Zweibrücken
57%
Landau in der Pfalz
56%
Neustadt an der Weinstraße
56%
Ahrweiler
51%
Westerwaldkreis
49%
Bad Kreuznach
48%
Südliche Weinstraße
48%
Cochem-Zell
47%
Neuwied
47%
Mayen-Koblenz
46%
Vulkaneifel
45%
Alzey-Worms
44%
Frankenthal (Pfalz)
44%
Rhein-Hunsrück-Kreis
43%
Bad Dürkheim
42%
Bernkastel-Wittlich
41%
Germersheim
41%
Rhein-Pfalz-Kreis
40%
Kusel
38%
Altenkirchen (Westerwald)
36%
Rhein-Lahn-Kreis
36%
Birkenfeld
34%
Donnersbergkreis
34%
Südwestpfalz
33%
Keine übereinstimmenden Quizze gefunden
Verteilung der Resultate
Anzahl Personen mit jedem Resultat
Perzentil nach korrekt beantworteten Fragen
Ihre Resultats-Entwicklung
Sie haben dieses Quiz seit der letzten Aktualisierung nicht gespielt